| 000 | 01073cam a22003013a 4500 | ||
|---|---|---|---|
| 001 | 1116 | ||
| 005 | 20230815110354.0 | ||
| 008 | 000811s2000 nyua c 000 1 eng d | ||
| 020 | _a0439178762 (pbk.) | ||
| 040 |
_aIMF _cIMF _dOCL _dDLC _beng |
||
| 050 | 0 | 0 | _aPZ7.M4739 |
| 082 | _a808.81 | ||
| 100 | 1 | _aMazer, Anne | |
| 245 | 1 | 4 |
_aThe declaration of independence / _cAnne Mazer. |
| 260 |
_aNew York : _bScholastic, _c2000. |
||
| 300 |
_a112 pages : _billustrations ; _c20 cm |
||
| 490 | 1 |
_aThe amazing days of Abby Hayes ; _vBook 2 |
|
| 500 | _a"An Apple paperback." | ||
| 505 | _aN | ||
| 520 | _a"This year the Fall Festival at the high school will be the best ever. Abby wants to go with her friends--not her parents and little brother. But first she has to prove how mature she has become..." | ||
| 521 | 0 |
_a580
_bLexile |
|
| 521 | 1 |
_aN
_bRaz-Plus |
|
| 650 | 0 |
_aHigh school students _vFiction. |
|
| 650 | 0 |
_aSchools _vFiction. |
|
| 655 | 7 |
_aChildren's stories. _2lcsh |
|
| 906 |
_a7 _bcbc _ccopycat _d2 _encip _f20 _gy-genrareb |
||
| 942 |
_2ddc _cBK _n0 |
||
| 999 |
_c1116 _d1116 |
||